000 00506cam0a220018100 4500
001 tmp15938659
003 UPRA
005 20190822105850.0
008 951114s1977 xx eng u
035 _a(Sirsi) r50502
035 _a(UPRA)tmp15938659
040 _cUPRA
100 1 _aUyterhoeven, Hogo E. R.
_6A8425.1
245 1 0 _aStrategy and organizations test and cases in general management.
260 _c1977.
949 _aHD31
_wlcc
_i33729005764357
_mMAIN
_p5000
_tBOOK
_lON-SHELF
004 50502
999 _c131581
_d131581